000 00698nam a2200229 a 4500
999 _c5872
_d5872
001 5872
003 BD-JhCC
005 20220811134024.0
008 171228s2015 bg |||| ||a| 000 0 ben d
020 _a9847013301574
035 _a(BD-JhCC) 5872
040 _aBD-JhCC
_dBD-JhCC
041 _aben
082 _a891.44
_bIQB 2015
100 _aইকবাল, মুহম্মদ জাফর
245 _aবুবুনের বাবা /
_c মুহম্মদ জাফর ইকবাল
260 _aঢাকা :
_bকাকলী প্রকাশনী ,
_c2015
300 _a112 p .:
_c22 cm .
650 _aBengali Science Fiction
942 _2ddc
_cBK
_04